| 000 | 00992nam a22003970a 4500 | ||
|---|---|---|---|
| 001 | PT37048 | ||
| 003 | AR-LpoUNG | ||
| 005 | 20210131230426.0 | ||
| 008 | 191001s2002||||ag |||||||||||||||||spa d | ||
| 020 |
_a9505817878 _c$11.25 |
||
| 040 |
_aAR-LpoUNG _bspa _cAR-LpoUNG _eaacr |
||
| 041 | _aspa | ||
| 044 | _aag | ||
| 082 | 0 | _a982.065 877hon | |
| 100 | 1 | _aCox, David | |
| 245 | 1 | 3 |
_aEn honor a la verdad : _bmemorias desde el exilio de Robert Cox |
| 250 | _a1§ edición | ||
| 260 |
_aBuenos Aires : _bColihue, _c2002. |
||
| 300 |
_a284 p. : _bil. |
||
| 650 | 4 | _aARGENTINA | |
| 650 | 4 | _aDERECHOS HUMANOS | |
| 650 | 4 | _aDICTADURA | |
| 650 | 4 | _aGOBIERNO MILITAR | |
| 650 | 4 | _aGOLPES DE ESTADO | |
| 650 | 4 | _aHISTORIA POLITICA | |
| 650 | 4 | _aLIBERALISMO | |
| 650 | 4 | _aPERIODISMO | |
| 650 | 4 | _aPERIODISTAS | |
| 650 | 4 | _aPODER POLITICO | |
| 651 | 4 | _aArgentina | |
| 653 | _aDESAPARECIDOS | ||
| 653 | _aEXILIO | ||
| 653 | _aPERONISMO | ||
| 905 | _a37048 | ||
| 942 | _cLIB | ||
| 999 |
_c3266 _d3266 |
||